| 000 | 00507nam a22001457a 4500 | ||
|---|---|---|---|
| 999 |
_c534633 _d534633 |
||
| 020 | _qHard Cover. | ||
| 082 | _a620.0011 | ||
| 245 |
_aSynthesis and characterization of catalyst for liquid fuel production from polymer waste / _cMuhammad Ali Uzair. |
||
| 260 |
_aIslamabad : _bCES - NUST, _c2014. |
||
| 300 | _c30cm. | ||
| 942 |
_2ddc _cTHE |
||
| 650 |
_aEnergy Systems Engineering - MS Thesis. _928880 |
||
| 700 |
_aAsst. Prof. Shahid Hussain Ansari. _928908 |
||